Meilleurs buteurs des grandes Nations du Football - Statistiques

Statistiques générales
  • Ce quiz a été pris 160 fois
    124 depuis la dernière actualisation
  • Le résultat moyen est 26 sur 38
Statistiques - réponses
CLUB BUTS JOUEUR % Correct
Portugal 141 Cristiano Ronaldo
100%
Argentine 114 Lionel Messi
100%
Brésil 79 Neymar Jr
96%
Pologne 87 Robert Lewandowski
96%
Belgique 89 Romelu Lukaku
96%
France 57 Olivier Giroud
94%
Uruguay 69 Luis Suárez
93%
Egypte 59 Mohamed Salah
93%
Angleterre 76 Harry Kane
91%
Norvège 48 Erling Haaland
89%
Suède 62 Zlatan Ibrahimović
89%
Pays de Galles 40 Gareth Bale
85%
Cameroun 56 Samuel Eto'o
85%
Hongrie 80 Ferenc Puskás
84%
Côte d'Ivoire 63 Didier Drogba
80%
Allemagne 71 Miroslav Klose
79%
Espagne 59 David Villa
78%
Bosnie-Herzégovine 71 Edin Džeko
77%
Gabon 35 Pierre-Emerick Aubameyang
75%
Chili 51 Alexis Sánchez
73%
Sénégal 44 Sadio Mané
71%
Ukraine 48 Andriy Shevchenko
70%
Pays-Bas 52 Memphis Depay
67%
Canada 37 Jonathan David
63%
Mexique 52 Chicharito
60%
Colombie 36 Radamel Falcao
56%
Algérie 46 Islam Slimani
52%
Croatie 45 Davor Suker
51%
Etats-Unis 57 Clint Dempsey / Landon Donovan
49%
Nigeria 26 Victor Osimhen
48%
Equateur 47 Enner Valencia
46%
Australie 49 Tim Cahill
43%
Serbie 63 Aleksandar Mitrović
36%
Suisse 42 Alexander Frei
31%
Bulgarie 48 Dimitar Berbatov
31%
Turquie 51 Hakan Şükür
24%
Italie 35 Luigi Riva
11%
Maroc 29 Ayoub El Kaabi
3%
Aucun quiz correspondant
Distribution des résultats
% des personnes avec chaque résultat
Percentile par nombre de réponses
Votre historique - résultats
Vous n’avez pas pris ce quiz depuis la dernière actualisation